00298nam a2200109Ia 4500008004100000041000800041100001800049245004100067260003500108300000800143700003700151250110s9999 xx 000 0 und d aeng aVaze Angelika aYoga Resort At Cabo De Rama Fort Goa bFinal Year B. Arch, BNCAc2014 a95p aGuide Name:Sahastrabuddhe Chetan